000 00540nam a22001697a 4500
005 20251108164052.0
008 250721s1991 xx 000 0 ara d
082 1 4 _a001.94/سوت
100 1 _aسوتون، كارولين
245 1 0 _aشرح غرائب العالم الحديث :
_bكيف يفعلون ذلك /
264 1 _aبيروت :
_bالدار العربيه للعلوم،
_c1991.
300 _a143ص.
650 1 7 _aعجائب و غرائب
700 1 _aطيفور، ماجد
_eترجمة
942 _2ddc
_cBK
999 _c2819
_d2819